00501 2200193 4500001002100000005001500021035002000036008004100056245006900097100002800166250000600194260003600200300001100236084001400247082000800261650001400269990001200283990001200295INLIS00000000000031420240503081629 a0010-0424000290240503 0 ind 1 aPeran Masyarakat Dalam Otonomi Daerah /cMoh. Rofii Adji Sayekti aRofii Adji Sayekti, Moh a1 aJakarta :bCempaka Putih,c2015 a68 hlm a300 MOH p a300 4aNon Fiksi a0728769 a0728770